The divided family in Civil War America (Record no. 45910)
[ view plain ]
| 000 -LEADER | |
|---|---|
| fixed length control field | 01692nam a2200361 a 4500 |
| 082 04 - DEWEY DECIMAL CLASSIFICATION NUMBER | |
| Classification number | 973.7/1 |
| 100 1# - MAIN ENTRY--AUTHOR NAME | |
| Personal name | Taylor, Amy Murrell. |
| 245 14 - TITLE STATEMENT | |
| Title | The divided family in Civil War America |
| 260 ## - PUBLICATION, DISTRIBUTION, ETC. (IMPRINT) | |
| Place of publication | Chapel Hill : |
| Name of publisher | University of North Carolina Press, |
| Year of publication | c2005. |
| 300 ## - PHYSICAL DESCRIPTION | |
| Number of Pages | xiv, 319 p. : |
| Other physical details | ill. |
| 490 1# - SERIES STATEMENT | |
| Series statement | Civil War America |
| 505 0# - FORMATTED CONTENTS NOTE | |
| Formatted contents note | Union father, rebel son -- Marriage and courtship -- Brothers and sisters -- Border crossing and the treason of family ties -- Border dramas and the divided family in the popular imagination -- Reconciliations lived and imagined -- Reconciliation and emancipation. |
| 650 #0 - SUBJECT ADDED ENTRY--TOPICAL TERM | |
| Topical Term | Families |
| 856 40 - ELECTRONIC LOCATION AND ACCESS | |
| Uniform Resource Identifier | http://site.ebrary.com/lib/rucke/Doc?id=10351521 |
No items available.
